Bergheim Stadtteile-Quiz - Statistiken

Allgemein
  • Dieses Quiz wurde 33 mal gespielt
  • Das Durchschnittsergebnis liegt bei 10 aus 15
Antwortstatistiken
Antwort % Korrekt
Quadrath-Ichendorf
100%
Niederaußem
84%
Oberaußem
84%
Zieverich
84%
Paffendorf
80%
Thorr
80%
Bergheim (Zentrum)
68%
Glesch
68%
Kenten
68%
Glessen
64%
Ahe
56%
Rheidt-Hüchelhoven
56%
Auenheim
36%
Büsdorf
36%
Fliesteden
36%
Keine übereinstimmenden Quizze gefunden
Verteilung der Resultate
Anzahl Personen mit jedem Resultat
Perzentil nach korrekt beantworteten Fragen
Ihre Resultats-Entwicklung
Sie haben dieses Quiz noch nicht gespielt